| 000 | 01119 a2200241 4500 | ||
|---|---|---|---|
| 003 | Nust | ||
| 005 | 20170207154015.0 | ||
| 010 | _a 2006275169 | ||
| 020 | _a0596005652 (pbk.) | ||
| 040 | _cNust | ||
| 082 | 0 | 0 | _a005.432 |
| 100 | 1 | _aBovet, Daniel P. | |
| 245 | 1 | 0 |
_aUnderstanding the Linux kernel (E-BOOK) _cDaniel P. Bovet and Marco Cesati. |
| 250 | _a3rd ed. | ||
| 260 |
_aBeijing ; _aSebastopol, CA : _bO'Reilly, _cc2006. |
||
| 300 |
_a923 p. : _bill. ; _c24 cm. |
||
| 500 | _a"Linux 2.4"--p. ix. | ||
| 505 | _aIntroduction - Memory Addressing – Processes - Interrupts And Exceptions - Timing Measurements - Memory Management - Process Address Space - System Calls – Signals - Process Scheduling - Kernel Synchronization - The Virtual Filesystem - Managing I/O Devices - Disk Caches - Accessing Regular Files - Swapping: Methods For Freeing Memory - The Ext2 Filesystem - Process Communication - Program Execution | ||
| 650 | 0 | _aOperating systems (Computers) | |
| 651 | _aE-BOOK | ||
| 700 | 1 | _aCesati, Marco. | |
| 856 | 4 | 2 |
_3Publisher description _uhttp://www.loc.gov/catdir/enhancements/fy0715/2006275169-d.html |
| 942 |
_2ddc _cBK |
||
| 999 |
_c191373 _d191373 |
||